| 000 | 00908nam a2200325 a 4500 | ||
|---|---|---|---|
| 001 | vtls000047131 | ||
| 003 | NLI | ||
| 005 | 20210601185436.0 | ||
| 008 | 101125s1976 ii 000 p eng | ||
| 039 | 9 |
_y201011250432 _zVLOAD |
|
| 040 | 0 |
_aNLI _beng _cVERGIS-2003 |
|
| 041 | 0 | _aeng | |
| 044 | _aii | ||
| 082 | 0 | 4 | _a821.91 |
| 100 | 1 |
_aSubramanya Iyer, S. _9124907 |
|
| 245 | 1 | 4 |
_aThe cosmic rhythm/ _cS. Subramanya Iyer |
| 260 |
_aBhadravati: _bS. Subramanya Iyer, _c1976 |
||
| 300 |
_a36 p.; _c18 cm. |
||
| 650 | 0 |
_aEnglish poetry _y20th century _9117738 |
|
| 887 | _aNedunchezhian | ||
| 901 |
_aDB 30700 _b02/11/1976 |
||
| 902 | _aE 821.91 Su 16 | ||
| 903 | _a01/06/2004 | ||
| 904 | _aNedunchezhian | ||
| 906 | _a049645 | ||
| 949 |
_AVIRTUAITEM _D10000 _F1 _X100 _6DBA000030700ENG _aE 821.91 Su16 |
||
| 942 |
_2ddc _cBKS |
||
| 999 |
_aVIRTUA _c51186 _d51186 |
||
| 999 | _aVTLSSORT9010*9020*9060*9490*9991 | ||